| 000 | 00403cam a22001457a 4500 | ||
|---|---|---|---|
| 008 | 180718b1961 xxu||||| |||| 00| 0 eng d | ||
| 082 | _aA99 L531/J415 | ||
| 100 | _aJenkins, Elizabeth | ||
| 245 |
_aElizabeth and leicester _cby Elizabeth Jenkins |
||
| 260 |
_aLondon _bGollancz _c1961 |
||
| 300 | _a384p. | ||
| 440 | _abibl. | ||
| 500 | _a21/- | ||
| 650 | _aLeicester Fobert Dudley Ist earl of, 1532-1588 | ||
| 999 |
_c371206 _d371206 |
||